Responses for show #4571 - Monday, June 21, 2004

Ken Jennings game 14.

Contestants

[<< previous game]

Scheri Mullins, an administrative assistant from Louisville, Kentucky

Matt Ottinger, a telecommunications coordinator from Okemos, Michigan

Ken Jennings, a software engineer from Salt Lake City, Utah (whose 13-day cash winnings total $440,158)

[next game >>]

Jeopardy! Round responses

NONFICTION
MUSICAL SETTINGS
INSECT, ARACHNID OR GASTROPOD
BOMB THE "BAN"
WHAT'S NEW?
ARE YOU ADDRESSING ME?
(Alex: Are you talkin' to me?)
    $200 6
John F. Kennedy

Matt
    $200 11
Little Shop of Horrors

Matt
    $200 21
arachnid

Matt
    $200 1
Bangladesh

Ken
    $200 26
Hawaii

Ken
    $200 16
thou

Matt
    $400 7
Howard Stern

Matt
    $400 12
Berlin

Matt
    $400 22
(Matt: What is insect?)

arachnid

KenMatt
    $400 2
(Ken: What are bantams?)
(Alex: [Looks at judges] ...No. Matt.)
(Matt: What is bantam?)
(Alex: No.)
[After the first break, Ken and Matt were later declared correct and were awarded the value of the clue.]

bantamweight

KenMattScheri
    $400 27
Don Quixote

Matt
    $400 17
Mr.

Ken
    $600 8
What Color Is Your Parachute?

Matt
    $600 13
(Ken: What is... Al Capp?)

Li'l Abner

KenMatt
    $600 23
insect

Ken
    $600 3
Bantu

Ken
    $600 28
car

Ken
    $600 18
mistress

Ken
    $800 9
Jessica Lynch

Matt
    $4,600 14
La Cage aux Folles

Matt
    $800 24
insect

Ken
    $800 4
Banquo

Ken
    $800 29
strawberry

Matt
    $800 19
sheik

Triple Stumper
    $1000 10
William Strunk (Jr.)

Matt
    $1000 15
On the Town

Ken
    $1000 25
gastropod

Ken
    $1000 5
Banshee

Ken
    $1000 30
(Ken: What's the Museum of Flight?)

the Air & Space Museum

Ken
Triple Stumper
    $1000 20
comrade

Ken

Scores at the first commercial break (after clue 13):

Ken Matt Scheri
$2,400 $4,600 $400

Scores at the end of the Jeopardy! Round:

Ken Matt Scheri
$8,000 $10,400 $400

Double Jeopardy! Round responses

WARTIME IMAGES
AFI's 100 YEARS, 100 SONGS
(Alex: Now, the American Film Institute's 100 Years, 100 Songs will air tomorrow night. We have an entire category about what they might come up with.)
LET'S VISIT AFRICA
PRESCRIPTION DRUGS
20th CENTURY NICKNAMES
(Alex: And finally, we'll play the...)
NUMBERS GAME
    $400 6
a trench

Ken
    $400 1
"Over The Rainbow"

Matt
    $400 26
the Sahara

Matt
    $400 21
a headache

Matt
    $400 11
"Uncle Milty"

Matt
    $400 16
three

Ken
    $800 7
the Korean War

Ken
    $800 2
Ghost

Ken
    $800 22
Flonase

Scheri
    $800 12
Sammy Gravano

Ken
    $800 17
(Ken: What is [*] with the "H"?)

six

Ken
    $1200 8
(Ken: What is Antietam?)

Gettysburg

KenMatt
    $1200 3
Titanic

Ken
    $1200 27
Nigeria

Ken
    $1200 23
a beta blocker

Scheri
    $1200 13
"Clyde"

Matt
    $1200 18
seven

Matt
    $1600 9
(Alex: That's St. Paul's in London, the clue refers to the Battle of [*].)

Britain

Triple Stumper
    $1600 4
Casablanca

Ken
    $6,000 28
South West Africa

Ken
    $2,200 24
(Scheri: What is stat?)
(Alex: Oh, you're so close! What is a [*]?)

statin

Scheri
    $1600 14
Dissenter

Ken
    $1600 19
two

Triple Stumper
    $2000 10
Concord Bridge

Ken
    $2000 5
"The Good Ship Lollipop"

Matt
    $2000 29
Jomo Kenyatta

Ken
    $2000 25
(Scheri: What is if you're suicidal?)

Prozac

Scheri
Triple Stumper
    $2000 15
(Matt: What are the Katzenheimer Kids?)

Katzenjammer

KenMatt
    $2000 20
eight

Triple Stumper

Scores at the end of the Double Jeopardy! Round:

Ken Matt Scheri
$28,400 $15,600 -$1,800

[wagering suggestions for these scores]

Final Jeopardy! Round responses

INVENTIONS
MattWhat is an artifical lung?
$15,600
KenWhat is a dishwasher?
$3,201
a dishwasher

Final scores:

Ken Matt Scheri
$31,601 $0 -$1,800
14-day champion: $471,759 2nd place: $2,000 3rd place: $1,000

Game dynamics:

Coryat scores:

Ken Matt Scheri
$24,000 $11,800 $400
29 R
(including 1 DD),
3 W
22 R
(including 1 DD),
2 W
3 R,
2 W
(including 1 DD)

Combined Coryat: $36,200

The J! Archive is created by fans, for fans. The Jeopardy! game show and all elements thereof, including but not limited to copyright and trademark thereto, are the property of Jeopardy Productions, Inc. and are protected under law. This website is not affiliated with, sponsored by, or operated by Jeopardy Productions, Inc. Join the discussion at JBoard.tv.